Bibliographies: their aims and methods (Record no. 677)

MARC details
000 -LEADER
fixed length control field 00410nam a2200157Ia 4500
020 ## - INTERNATIONAL STANDARD BOOK NUMBER
ISBN 0-7201-1824-7
082 ## - DEWEY DECIMAL CLASSIFICATION NUMBER
Classification number 010.01 KRU-;
100 ## - MAIN ENTRY--AUTHOR NAME
Personal name Krummel, D.W.
245 #0 - TITLE STATEMENT
Title Bibliographies: their aims and methods
260 ## - PUBLICATION, DISTRIBUTION, ETC. (IMPRINT)
Place of publication London
Name of publisher Mansell Publishing
Year of publication 1984
300 ## - PHYSICAL DESCRIPTION
Number of Pages vi, 192p.
504 ## - BIBLIOGRAPHY, ETC. NOTE
Bibliography, etc Includes index
650 ## - SUBJECT ADDED ENTRY--TOPICAL TERM
Topical Term Bibliography of bibliographies
650 ## - SUBJECT ADDED ENTRY--TOPICAL TERM
Topical Term Bibliography - Methodology
942 ## - ADDED ENTRY ELEMENTS (KOHA)
Koha item type Books
Holdings
Withdrawn status Lost status Damaged status Not for loan Home library Current library Date acquired Bill Date Full call number Accession Number Price effective from Koha item type
        NASSDOC Library NASSDOC Library 08/06/2004 2004-10-22 010.01 KRU-; 22361 18/04/2019 Books